Представление документа в формате RUSMARC

ПолеНазваниеЗначение
  Тип записи a
  Библиографический уровень a
001 Контрольный номер RU/CBS_UL/BASE/46c5c6c3910f406e86782211e800f339
005 Дата корректировки 20251013155408.5
100 Данные общей обработки __
a Данные общей обработки 20251013 ||| 0rusy0189 ca
101 Язык документа 0_
a Язык текста rus
102 Страна публикации __
a Страна публикации RU
200 Заглавие и сведения об ответственности 1_
a Заглавие Родные люди
e Сведения, относящиеся к заглавию [памятники российских скульпторов, посвящённые семье]
300 Общие примечания __
a Общие примечания 6+
461 Уровень набора _0
1 2000
a Саша и Даша
463 Уровень физической единицы _0
1 2000
a № 9
v С. 18-19
1 2101
d 2025
1 001RU/CBS_UL/BASE/9ccc0fe2a2a54a64ae7eca6190d078dc
606 Тематические рубрики 0_
a Основная рубрика Памятники - Россия
610 Ключевые слова 0_
a Ключевые слова памятники
610 Ключевые слова 0_
a Ключевые слова семейные памятники
610 Ключевые слова 0_
a Ключевые слова скульптуры
610 Ключевые слова 0_
a Ключевые слова памятники бабушке
610 Ключевые слова 0_
a Ключевые слова памятник царской семье
610 Ключевые слова 0_
a Ключевые слова российские памятники
610 Ключевые слова 0_
a Ключевые слова памятники дедушке
610 Ключевые слова 0_
a Ключевые слова памятники семье
686 Индексы других классификаций __
a Классификационный индекс 85.133(2)
801 Источник записи _0
a Страна RU
b Организация МБУК ЦБС г. Ульяновска
c Дата составления 20251013
g Правила каталогизации RCR
801 Источник записи _1
a Страна RU
b Организация МБУК ЦБС г. Ульяновска
c Дата составления 20251013
g Правила каталогизации RCR
901 Тип документа __
t Тип документа b
w Контрольный № источника RU/CBS_UL/BASE/9ccc0fe2a2a54a64ae7eca6190d078dc
909 Создатель записи __
a Создатель записи mbo